Mahatma Gandhi (Record no. 2722)

MARC details
000 -LEADER
fixed length control field 00445cam a2200181ua 4500
008 - FIXED-LENGTH DATA ELEMENTS--GENERAL INFORMATION
fixed length control field 110913n ii |||gr||||Z||||||asm
040 ## - CATALOGING SOURCE
Transcribing agency MAIN
082 ## - DEWEY DECIMAL CLASSIFICATION NUMBER
Classification number 920
100 1# - MAIN ENTRY--PERSONAL NAME
Personal name Sharma, Jagdish Saran,
245 11 - TITLE STATEMENT
Title Mahatma Gandhi
Statement of responsibility, etc. by Jagdish Sharma
250 ## - EDITION STATEMENT
Edition statement 2nd.
260 ## - PUBLICATION, DISTRIBUTION, ETC.
Place of publication, distribution, etc. New Delhi:
Name of publisher, distributor, etc. S. chand & company,979.
300 ## - PHYSICAL DESCRIPTION
Extent 650p:
Dimensions 25cm.
942 ## - ADDED ENTRY ELEMENTS (KOHA)
Koha item type Books
653 ## - INDEX TERM--UNCONTROLLED
Uncontrolled term Bibliography
653 ## - INDEX TERM--UNCONTROLLED
Uncontrolled term Biography of Mahatma Gandhi
Holdings
Withdrawn status Lost status Damaged status Not for loan Home library Current library Shelving location Date acquired Total Checkouts Full call number Barcode Date last seen Date last checked out Copy number Price effective from Koha item type
        Central Library, Naharkatiya College Central Library, Naharkatiya College General Stacks 19/09/2020 1 920 | SHA 3690 21/11/2024 14/11/2024 1 19/09/2020 Books

Naharkatiya College © 2020. All rights reserved.

Powered By